Statistiques concernant La Bible - Les 7 fêtes de Dieu

Cliquez ici pour prendre le quiz!

Statistiques générales

  • Ce quiz a été pris 71 fois
  • Le résultat moyen est 2 sur 7

Statistiques - réponses

MoisDuréeNom de la fête% Correct
1er mois1 jourPâque
97%
3ème mois1 jourSemaines
49%
7ème mois7 joursTabernacles
15%
1er mois7 joursPains sans levain
12%
7ème mois1 jourExpiations
12%
1er mois1 jourPrémices
10%
7ème mois1 jourTrompettes
10%

Distribution des résultats

Percentile par nombre de réponses

% des personnes avec chaque résultat

Votre développement - résultats

Vous n’avez pas pris ce quiz